Ohio Cities Named after World Cities - Statistics

General Stats
  • This quiz has been taken 13 times
  • The average score is 17 of 44
Answer Stats
European Country Ohio City Location in Ohio/Hint % Correct
Greece Athens Southeast Ohio
92%
Peru Lima Large City in Allen County
92%
Egypt Cairo Allen County
83%
India Delhi Hamilton County, west of Cincinnati
83%
Ireland Dublin Located in Franklin, Delaware, Union, Madison Counties
83%
Israel Jerusalem Monroe County
83%
Italy Milan Birthplace of Thomas Edison
83%
Germany Berlin Located in Amish Country
75%
England Manchester Adams County, along the river
75%
Russia Moscow Clermont County, along the Ohio River
75%
Italy Rome Adams County, west of Portsmouth
75%
Austria Vienna I South Vienna I New Vienna 3 options, located in Clark, Clinton, and Trumbull Counties
75%
Poland Warsaw Coshocton County
75%
Spain Toledo Large Northwest Ohio city
67%
Ontario Toronto Jefferson County, along the Ohio River
67%
Saudi Arabia Medina Northeast Ohio
58%
Belgium Antwerp Paulding County
50%
Spain Seville Medina County
50%
France Versailles Darke County
50%
India Calcutta (Kolkata, India) Columbiana County
33%
Spain Cadiz Harrison County
25%
Palestine East Palestine Columbiana County
25%
Lebanon Lebanon Warren County
25%
England Oxford Butler County
25%
Italy Parma Northeast Ohio
25%
Germany Bonn Washington County
17%
China Canton (Canton China is Guangzhou now) Stark County
17%
Macedonia Macedonia Summit County
17%
Italy Padua Mercer County
17%
Italy Ravenna Northeast Ohio
17%
Northern Ireland Antrim Guernsey Ohio
8%
England Bexley Franklin County, suburb
8%
Poland Poland Mahoning County
8%
Russia Russia Shelby County
8%
France Belfort Stark County
0%
Spain Carthagena Mercer County
0%
Germany Glandorf Putnam County, in Ottawa township
0%
Germany Leipsic Putnam County
0%
Malta Malta Morgan County, along the Muskingum River
0%
Switzerland Maria Stein Mercer County, Shrine of the Holy Relics Chapel is located here.
0%
France Montpelier Northwest Ohio, Named for City in the south of France
0%
Germany New Riegel Seneca County
0%
England Stockport Morgan County, along the Muskingum River
0%
Nova Scotia (Township) Truro Township Franklin County, Reynoldsburg
0%
No matching quizzes found
Score Distribution
Percent of People with Each Score
Percentile by Number Answered
Your Score History
You have not taken this quiz